Most Deadly - Statistics

General Stats
  • This quiz has been taken 21 times
  • The average score is 5 of 10
Answer Stats
# Human fatalities per year Creature % Correct
1 2million+transmits disease to 7 million Mosquito
100%
9 approx. 150 African Lion
63%
6 500 Hippopotamus
63%
10 approx. 90 Australian Box Jellyfish
47%
3 Approx. 50,000 Indian Cobra
47%
5 1,000 Australian Saltwater Crocodile
42%
7 approx. 500 Elephant
42%
8 200 Cape Buffalo
37%
2 250,000-300,000 Tsetse Fly
37%
4 3,250 Buthidae Family of Scorpions
16%
No matching quizzes found
Score Distribution
Percent of People with Each Score
Percentile by Number Answered
Your Score History
You have not taken this quiz